00498nam a22001577a 450000500170000001000150001702000260003203500140005803700130007208200100008510000210009524500660011626000540018227000800023630000240031620220715154703.0 aENG-133607 a9789384790065c550.00 aEN-117139 bDBAD/PUB a658.4 aSarkar, Debashis aLittle Big Things in Operational Excellence/cDebashis Sarkar aNew DelhibSage Publications India Pvt. Ltdc2021 aB-1/I-I Mohan Cooperative Industrial Area Mathura Road, bNew Delhie110044 ax, 304p.c22cm(pbk)